[Event "ETCC Open 2023"]
[Site "Budva"]
[Date "2023.11.18"]
[Round "7.18"]
[White "Melkumyan, Hrant"]
[Black "Gledura, Benjamin"]
[Result "1-0"]
[WhiteElo "2650"]
[BlackElo "2633"]
[Annotator "TA"]
[PlyCount "147"]
[EventDate "2023.11.10"]
[EventType "team-tourn"]
[EventCountry "MNE"]
[SourceTitle "playchess.com"]
[Source "ChessBase"]
[SourceQuality "1"]
[WhiteTeam "Armenia"]
[BlackTeam "Hungary"]
[WhiteTeamCountry "ARM"]
[BlackTeamCountry "HUN"]

1. d4 d5 2. c4 c6 3. Nf3 Nf6 4. e3 Bf5 5. Bd3 Bxd3 6. Qxd3 e6 7. O-O Nbd7 8. Nbd2 Be7 9. Rd1 O-O 10. e4 dxe4 11. Nxe4 Nxe4 12. Qxe4 Nf6 13. Qe2 Qc7 14. g3 Rad8 15. Bf4 Qa5 16. a3 Qh5 17. Kg2 Rfe8 18. h3 Qf5 19. Re1 h6 20. Bc7 Rd7 21. Be5 Red8 22. Rad1 Nh7 23. g4 Qg6 24. Bg3 Bd6 25. Bh4 Ng5 26. Bxg5 hxg5 27. d5 exd5 28. cxd5 Bf4 29. dxc6 Qxc6 30. Rxd7 Qxd7 31. Qe4 b5 32. b3 a6 33. a4 bxa4 34. bxa4 Rc8 35. Rb1 Qc6 36. Rb4 Bd6 37. Qxc6 Rxc6 38. Nd4 Bxb4 39. Nxc6 Bc5 40. Nb8 a5 41. Nc6 Bb6 42. Kf3 f6 43. Ke4 Kf7 44. Kd5 Bxf2 45. Nxa5 Ke7 46. Nc4 Kd7 47. Nd6 Be1 48. Ne4 Ke7 49. Nc5 g6 50. Ne4 Ba5 51. Nd6 Be1 52. Nc4 Kd7 53. a5 Bb4 54. Nb6+ Kc7 55. Ke6 Bxa5 56. Nd5+ Kc6 57. Nxf6 Kc5 58. Ne4+ Kd4 59. Nxg5 Bd8 60. Nf7 Bh4 61. Ne5 Ke4 62. Nxg6 Bg5 63. Nf8 Kf4 64. Nh7 Bd8 65. Kf7 Bh4 66. Kg7 Be7 67. Kh6 Kg3 68. g5 Ba3 69. g6 Bb2 70. Kg5 Bc1+ 71. Kh5 Bb2 72. Ng5 Kf4 73. Ne6+ Kg3 74. h4 1-0

[Event "ETCC Open 2023"]
[Site "Budva"]
[Date "2023.11.18"]
[Round "7.19"]
[White "Kozak, Adam"]
[Black "Sargsyan, Shant"]
[Result "1-0"]
[WhiteElo "2578"]
[BlackElo "2625"]
[Annotator "TA"]
[PlyCount "143"]
[EventDate "2023.11.10"]
[EventType "team-tourn"]
[EventCountry "MNE"]
[SourceTitle "playchess.com"]
[Source "ChessBase"]
[SourceQuality "1"]
[WhiteTeam "Hungary"]
[BlackTeam "Armenia"]
[WhiteTeamCountry "HUN"]
[BlackTeamCountry "ARM"]

1. e4 e5 2. Nf3 Nc6 3. Bc4 Nf6 4. d3 Bc5 5. a4 d6 6. a5 a6 7. c3 h6 8. O-O O-O 9. Be3 Bxe3 10. fxe3 Be6 11. Bxe6 fxe6 12. Nbd2 Qe8 13. d4 Rb8 14. Qb3 Kh8 15. Qa2 Rd8 16. Qb3 Rb8 17. Qa2 Rd8 18. Rae1 d5 19. Qb1 Qh5 20. h3 dxe4 21. Nxe4 Nxe4 22. Qxe4 Qf5 23. Qxf5 Rxf5 24. b4 Kg8 25. Rf2 Kf8 26. Rd2 Rf7 27. Rb2 exd4 28. exd4 Re7 29. Nh4 Kg8 30. Rbe2 Rd6 31. Ng6 Re8 32. h4 b6 33. axb6 cxb6 34. Nf4 e5 35. h5 Rdd8 36. dxe5 a5 37. e6 Ne7 38. bxa5 bxa5 39. Ra2 Rc8 40. Rxa5 Rxc3 41. Re4 Rc7 42. Rea4 Kh7 43. Ra8 Rc4 44. Rxe8 Rxa4 45. g3 Ra7 46. Rd8 Ra3 47. Kh2 Ra5 48. Kg2 Re5 49. Kf3 Nc6 50. Rd6 Ne7 51. g4 Re1 52. Kf2 Re4 53. Kf3 Re1 54. Rd8 Nc6 55. Rc8 Ne5+ 56. Kf2 Re4 57. Kg3 Re3+ 58. Kg2 g5 59. hxg6+ Nxg6 60. Rc7+ Kg8 61. Nxg6 Rxe6 62. Nf4 Ra6 63. Kg3 Ra1 64. Rc6 Kg7 65. Nh5+ Kh7 66. Kf4 Ra5 67. Re6 Rb5 68. Re7+ Kg8 69. Re5 Rb6 70. Kf5 Kf7 71. Rd5 Rb7 72. Nf6 1-0

[Event "ETCC Open 2023"]
[Site "Budva"]
[Date "2023.11.18"]
[Round "7.20"]
[White "Ter-Sahakyan, Samvel"]
[Black "Balog, Imre"]
[Result "1-0"]
[WhiteElo "2618"]
[BlackElo "2617"]
[Annotator "TA"]
[PlyCount "151"]
[EventDate "2023.11.10"]
[EventType "team-tourn"]
[EventCountry "MNE"]
[SourceTitle "playchess.com"]
[Source "ChessBase"]
[SourceQuality "1"]
[WhiteTeam "Armenia"]
[BlackTeam "Hungary"]
[WhiteTeamCountry "ARM"]
[BlackTeamCountry "HUN"]

1. e4 e6 2. d4 d5 3. Nc3 Nf6 4. e5 Nfd7 5. f4 c5 6. Nf3 Nc6 7. Be3 cxd4 8. Nxd4 Qb6 9. Qd2 Qxb2 10. Rb1 Qa3 11. Ncb5 Qxa2 12. Rd1 Rb8 13. Nc7+ Kd8 14. Ncb5 a6 15. Nd6 Bxd6 16. exd6 Qa3 17. Be2 Nf6 18. Bf3 Na5 19. Nb3 Nc4 20. Qc3 Qb2 21. Qd3 Nxe3 22. Qxe3 Bd7 23. O-O Rc8 24. f5 Qa3 25. Bxd5 Nxd5 26. Qg5+ f6 27. Qxg7 Re8 28. Rxd5 Rxc2 29. fxe6 Bxe6 30. Rd3 Rxg2+ 31. Qxg2 Rg8 32. Rg3 Rxg3 33. hxg3 Qxb3 34. Qf2 Kd7 35. Rc1 Kxd6 36. Kh2 Qd5 37. Qb6+ Ke7 38. Rc7+ Bd7 39. Rxb7 a5 40. Ra7 Qd2+ 41. Kg1 a4 42. Qc5+ Qd6 43. Qxd6+ Kxd6 44. Kf2 Bb5 45. Rxh7 Kc5 46. Ke3 a3 47. Kd2 Kb4 48. Kc2 Ba4+ 49. Kb1 Bb5 50. Ka1 Bd3 51. Rd7 Kc3 52. Ka2 Kd2 53. Rd4 Ke3 54. Rf4 f5 55. Kxa3 Be4 56. Ka4 Kd4 57. Kb4 Ke5 58. Kc3 Kf6 59. Kd4 Kg5 60. Ke3 Bd5 61. Ra4 Bb3 62. Ra7 Be6 63. Rb7 Bd5 64. Rg7+ Kf6 65. Rd7 Be6 66. Rd6 Ke5 67. Ra6 Bc4 68. Ra5+ Ke6 69. Kf4 Bd3 70. Re5+ Kf6 71. Rd5 Bc2 72. Rd6+ Kg7 73. Kg5 Bb1 74. Rd7+ Kg8 75. Kf6 Kh8 76. Kg6 1-0

[Event "ETCC Open 2023"]
[Site "Budva"]
[Date "2023.11.18"]
[Round "7.21"]
[White "Navara, David"]
[Black "Bacrot, Etienne"]
[Result "*"]
[WhiteElo "2695"]
[BlackElo "2668"]
[Annotator "TA"]
[PlyCount "73"]
[EventDate "2023.11.10"]
[EventType "team-tourn"]
[EventCountry "MNE"]
[SourceTitle "playchess.com"]
[Source "ChessBase"]
[SourceQuality "1"]
[WhiteTeam "Czech Republic"]
[BlackTeam "France"]
[WhiteTeamCountry "CZE"]
[BlackTeamCountry "FRA"]

1. e4 c5 2. Nf3 e6 3. d4 cxd4 4. Nxd4 Nc6 5. Nc3 Qc7 6. Be3 a6 7. Qf3 b5 8. Qg3 Qxg3 9. hxg3 Bb7 10. Nb3 Nf6 11. f3 d5 12. a4 bxa4 13. Rxa4 dxe4 14. Nxe4 Nxe4 15. fxe4 Bd6 16. Nc5 Bxc5 17. Bxc5 f6 18. g4 Ne5 19. g5 Rc8 20. b4 Nd7 21. gxf6 Nxc5 22. fxg7 Rg8 23. bxc5 Rxc5 24. Rxh7 Rxc2 25. Bxa6 Bxa6 26. Rxa6 Kf7 27. Kf1 Rc7 28. Kf2 Kg6 29. Rh8 Rgxg7 30. Rxe6+ Kf7 31. Rhe8 Rc2+ 32. Kf3 Rgxg2 33. R8e7+ Kf8 34. Kf4 Rcf2+ 35. Ke5 Rg5+ 36. Kd4 Rd2+ 37. Ke3 *

[Event "ETCC Open 2023"]
[Site "Budva"]
[Date "2023.11.18"]
[Round "7.22"]
[White "Moussard, Jules"]
[Black "Nguyen, Thai Dai Van"]
[Result "1-0"]
[WhiteElo "2639"]
[BlackElo "2624"]
[Annotator "TA"]
[PlyCount "105"]
[EventDate "2023.11.10"]
[EventType "team-tourn"]
[EventCountry "MNE"]
[SourceTitle "playchess.com"]
[Source "ChessBase"]
[SourceQuality "1"]
[WhiteTeam "France"]
[BlackTeam "Czech Republic"]
[WhiteTeamCountry "FRA"]
[BlackTeamCountry "CZE"]

1. c4 Nf6 2. Nc3 e5 3. Nf3 Nc6 4. d3 d5 5. cxd5 Nxd5 6. e4 Nb6 7. Be2 Be7 8. Be3 Be6 9. O-O O-O 10. Rc1 Bf6 11. Nd2 Qd7 12. h3 Rfd8 13. a3 a6 14. Nc4 Nc8 15. b4 b6 16. Bg4 N8e7 17. Bxe6 Qxe6 18. Qc2 h6 19. Ne2 Bg5 20. Rfd1 Rac8 21. Bxg5 hxg5 22. Ne3 Nd4 23. Nxd4 exd4 24. Ng4 c5 25. Qd2 cxb4 26. Qxb4 Qd6 27. Qd2 Qf4 28. Qb2 Qd6 29. Qd2 Qf4 30. Rxc8 Rxc8 31. Qb4 Rc1 32. Rxc1 Qxc1+ 33. Kh2 Qc5 34. Qa4 Qd6+ 35. e5 Qd8 36. Qxa6 Ng6 37. Kg1 Nf4 38. Nh2 Ne2+ 39. Kf1 Nf4 40. Nf3 Ne6 41. Kg1 Nc5 42. Qb5 Ne6 43. Nd2 Qa8 44. a4 Nf4 45. Ne4 Ne2+ 46. Kh2 Qd8 47. e6 fxe6 48. Qe5 Qd5 49. Qb8+ Kh7 50. Qxb6 Nf4 51. Qb5 Kg6 52. Qxd5 Nxd5 53. a5 1-0

[Event "ETCC Open 2023"]
[Site "Budva"]
[Date "2023.11.18"]
[Round "7.23"]
[White "Zilka, Stepan"]
[Black "Fressinet, Laurent"]
[Result "1/2-1/2"]
[WhiteElo "2609"]
[BlackElo "2640"]
[Annotator "TA"]
[PlyCount "59"]
[EventDate "2023.11.10"]
[EventType "team-tourn"]
[EventCountry "MNE"]
[SourceTitle "playchess.com"]
[Source "ChessBase"]
[SourceQuality "1"]
[WhiteTeam "Czech Republic"]
[BlackTeam "France"]
[WhiteTeamCountry "CZE"]
[BlackTeamCountry "FRA"]

1. e4 e5 2. Nf3 Nc6 3. d4 exd4 4. Nxd4 Nf6 5. Nc3 Bb4 6. Nxc6 bxc6 7. Bd3 O-O 8. O-O d5 9. exd5 cxd5 10. h3 c6 11. Qf3 Bd6 12. Bf4 Be6 13. Ne2 Bxf4 14. Nxf4 Qb6 15. b3 Rae8 16. Rfe1 Re7 17. Nh5 Nxh5 18. Qxh5 g6 19. Qh4 Ree8 20. Re3 Qd8 21. Qd4 Qb6 22. Qh4 Qd8 23. Qa4 Qc7 24. Rae1 c5 25. Qh4 Qd8 26. Qf4 Qb8 27. Qf6 Qd8 28. Qf4 Qb8 29. Qf6 Qd8 30. Qf4 1/2-1/2

[Event "ETCC Open 2023"]
[Site "Budva"]
[Date "2023.11.18"]
[Round "7.24"]
[White "Lagarde, Maxime"]
[Black "Stalmach, Richard"]
[Result "1-0"]
[WhiteElo "2629"]
[BlackElo "2420"]
[Annotator "TA"]
[PlyCount "91"]
[EventDate "2023.11.10"]
[EventType "team-tourn"]
[EventCountry "MNE"]
[SourceTitle "playchess.com"]
[Source "ChessBase"]
[SourceQuality "1"]
[WhiteTeam "France"]
[BlackTeam "Czech Republic"]
[WhiteTeamCountry "FRA"]
[BlackTeamCountry "CZE"]

1. e4 c5 2. Nf3 Nc6 3. d4 cxd4 4. Nxd4 Nf6 5. Nc3 d6 6. Bg5 e6 7. Qd2 a6 8. Nxc6 bxc6 9. O-O-O Be7 10. Bxf6 gxf6 11. Bc4 Bb7 12. Rhe1 Qc7 13. Bb3 O-O-O 14. Qe2 h5 15. f4 Rd7 16. f5 d5 17. fxe6 fxe6 18. exd5 exd5 19. Na4 Kb8 20. c4 Bd6 21. cxd5 cxd5+ 22. Kb1 Re7 23. Qf2 Rxe1 24. Rxe1 Be5 25. Nc5 Rc8 26. Nxb7 Qh7+ 27. Bc2 Qxb7 28. Bd3 Rc6 29. Re2 a5 30. Rc2 Rxc2 31. Qxc2 Qb6 32. a3 Bxh2 33. g4 Qg1+ 34. Ka2 hxg4 35. Qb3+ Kc7 36. Qxd5 Be5 37. Qf7+ Kb6 38. Be4 Qc1 39. Qb7+ Kc5 40. Qc6+ Kd4 41. Qxc1 Kxe4 42. Kb3 g3 43. Qf1 f5 44. Kc4 a4 45. Qe2+ Kf4 46. Kd3 1-0

[Event "ETCC Open 2023"]
[Site "Budva"]
[Date "2023.11.18"]
[Round "7.25"]
[White "Saric, Ivan"]
[Black "Van Foreest, Jorden"]
[Result "1/2-1/2"]
[WhiteElo "2659"]
[BlackElo "2700"]
[Annotator "TA"]
[PlyCount "103"]
[EventDate "2023.11.10"]
[EventType "team-tourn"]
[EventCountry "MNE"]
[SourceTitle "playchess.com"]
[Source "ChessBase"]
[SourceQuality "1"]
[WhiteTeam "Croatia"]
[BlackTeam "Netherlands"]
[WhiteTeamCountry "CRO"]
[BlackTeamCountry "NED"]

1. e4 c6 2. d4 d5 3. e5 Bf5 4. Nf3 e6 5. Be2 Ne7 6. c3 Ng6 7. h4 h5 8. Bd3 Bxd3 9. Qxd3 c5 10. Bg5 Qd7 11. O-O Nc6 12. g3 Rc8 13. Nbd2 cxd4 14. cxd4 Be7 15. Rfc1 Bxg5 16. Nxg5 Nge7 17. Rc3 Nf5 18. Nb3 g6 19. Rac1 O-O 20. Qb5 Qc7 21. Nf3 Qb6 22. a4 Rb8 23. Kg2 Kg7 24. Rc5 Qd8 25. a5 a6 26. Qd3 Re8 27. Qd2 Re7 28. R5c2 Re8 29. Ra1 Qe7 30. Nc5 Na7 31. Ra3 Rec8 32. b4 Nb5 33. Rd3 Rc6 34. Ra2 Nc7 35. Ne1 b6 36. axb6 Rbxb6 37. Nc2 Qe8 38. Rda3 Qc8 39. Qg5 Nb5 40. Rf3 Rc7 41. Rf4 Nc3 42. Ra3 Ne4 43. Nxe4 dxe4 44. Ne3 Nxd4 45. g4 Ne2 46. Rf6 Rc1 47. Nf1 Qd7 48. Re3 Rxf1 49. Rxe2 Qd1 50. Rxg6+ fxg6 51. Qe7+ Kg8 52. Qe8+ 1/2-1/2

[Event "ETCC Open 2023"]
[Site "Budva"]
[Date "2023.11.18"]
[Round "7.26"]
[White "Warmerdam, Max"]
[Black "Brkic, Ante"]
[Result "*"]
[WhiteElo "2638"]
[BlackElo "2622"]
[Annotator "TA"]
[PlyCount "64"]
[EventDate "2023.11.10"]
[EventType "team-tourn"]
[EventCountry "MNE"]
[SourceTitle "playchess.com"]
[Source "ChessBase"]
[SourceQuality "1"]
[WhiteTeam "Netherlands"]
[BlackTeam "Croatia"]
[WhiteTeamCountry "NED"]
[BlackTeamCountry "CRO"]

1. Nf3 d5 2. c4 e6 3. g3 dxc4 4. Bg2 Nf6 5. Qa4+ Bd7 6. Qxc4 c5 7. d4 Nc6 8. Nc3 Qb6 9. dxc5 Qxc5 10. Qb3 Be7 11. Be3 Qb4 12. Qc2 Nd5 13. Bd2 Qc4 14. Rc1 Nxc3 15. Bxc3 Bb4 16. O-O Bxc3 17. bxc3 Rd8 18. Rfd1 Qc5 19. Nd2 O-O 20. Ne4 Qe7 21. c4 Nb4 22. Qb3 Bc6 23. Qa3 b6 24. h4 h6 25. Rb1 a5 26. Qe3 Bxe4 27. Bxe4 Rxd1+ 28. Rxd1 Qc7 29. a3 Na6 30. Qd4 Nc5 31. Bc2 f5 32. h5 Rf7 *

[Event "ETCC Open 2023"]
[Site "Budva"]
[Date "2023.11.18"]
[Round "7.27"]
[White "Martinovic, Sasa"]
[Black "Bok, Benjamin"]
[Result "1/2-1/2"]
[WhiteElo "2542"]
[BlackElo "2621"]
[Annotator "TA"]
[PlyCount "64"]
[EventDate "2023.11.10"]
[EventType "team-tourn"]
[EventCountry "MNE"]
[SourceTitle "playchess.com"]
[Source "ChessBase"]
[SourceQuality "1"]
[WhiteTeam "Croatia"]
[BlackTeam "Netherlands"]
[WhiteTeamCountry "CRO"]
[BlackTeamCountry "NED"]

1. d4 d5 2. c4 e6 3. Nc3 Nf6 4. cxd5 exd5 5. Bg5 Bb4 6. Qc2 h6 7. Bh4 g5 8. Bg3 Ne4 9. f3 Bxc3+ 10. bxc3 Nxg3 11. hxg3 Qd6 12. Kf2 Nc6 13. Rb1 Ne7 14. e4 dxe4 15. fxe4 c5 16. Nf3 cxd4 17. Qa4+ Nc6 18. cxd4 g4 19. Ne5 Qxd4+ 20. Qxd4 Nxd4 21. Ke3 Nc6 22. Bb5 Bd7 23. Bxc6 bxc6 24. Nxd7 Kxd7 25. Rb7+ Ke6 26. Rc7 Rhc8 27. Rxh6+ f6 28. Rg7 Rg8 29. Rc7 Rgc8 30. Rg7 Rg8 31. Rxg8 Rxg8 32. Rh7 a5 1/2-1/2

[Event "ETCC Open 2023"]
[Site "Budva"]
[Date "2023.11.18"]
[Round "7.28"]
[White "Van Foreest, Lucas"]
[Black "Livaic, Leon"]
[Result "1/2-1/2"]
[WhiteElo "2540"]
[BlackElo "2553"]
[Annotator "RC"]
[PlyCount "69"]
[EventDate "2023.11.10"]
[EventType "team-tourn"]
[EventCountry "MNE"]
[SourceTitle "playchess.com"]
[Source "ChessBase"]
[SourceQuality "1"]
[WhiteTeam "Netherlands"]
[BlackTeam "Croatia"]
[WhiteTeamCountry "NED"]
[BlackTeamCountry "CRO"]

1. d4 Nf6 2. c4 g6 3. Nc3 Bg7 4. e4 d6 5. Nf3 O-O 6. h3 e5 7. d5 a5 8. g4 Na6 9. Be3 Nc5 10. Qc2 Nfd7 11. Rg1 c6 12. h4 a4 13. h5 Qa5 14. Rc1 Nf6 15. Bxc5 Qxc5 16. Nh2 h6 17. Be2 Nh7 18. Qd2 Bf6 19. hxg6 fxg6 20. Qxh6 Qxf2+ 21. Kxf2 Bg7+ 22. Nf3 Bxh6 23. Rcd1 Ng5 24. Kg2 Nxf3 25. Bxf3 Rf6 26. Rd3 c5 27. Rh1 Bf8 28. a3 Bd7 29. Bd1 Bg7 30. g5 Rf4 31. Rf3 Rg4+ 32. Rg3 Rf4 33. Rf3 Rg4+ 34. Rg3 Rf4 35. Rf3 1/2-1/2

[Event "ETCC Open 2023"]
[Site "Budva"]
[Date "2023.11.18"]
[Round "7.29"]
[White "Wojtaszek, Radoslaw"]
[Black "Mastrovasilis, Dimitrios"]
[Result "1/2-1/2"]
[WhiteElo "2668"]
[BlackElo "2573"]
[Annotator "TA"]
[PlyCount "60"]
[EventDate "2023.11.10"]
[EventType "team-tourn"]
[EventCountry "MNE"]
[SourceTitle "playchess.com"]
[Source "ChessBase"]
[SourceQuality "1"]
[WhiteTeam "Poland"]
[BlackTeam "Greece"]
[WhiteTeamCountry "POL"]
[BlackTeamCountry "GRE"]

1. d4 d5 2. c4 e6 3. Nf3 Nf6 4. g3 dxc4 5. Bg2 Bb4+ 6. Bd2 c5 7. a3 Bxd2+ 8. Nbxd2 cxd4 9. Nxc4 Nc6 10. O-O O-O 11. Rc1 Rb8 12. b4 d3 13. e3 b5 14. Nce5 Nxe5 15. Nxe5 Bb7 16. Qxd3 Qxd3 17. Nxd3 a5 18. Rfd1 axb4 19. axb4 Bxg2 20. Kxg2 Ra8 21. Kf3 h6 22. Ne5 Nd5 23. Nc6 Ra4 24. Rd4 Kh7 25. e4 Nb6 26. Ne5 Nc4 27. Nxc4 Rxb4 28. Ke3 Rxc4 29. Rcxc4 bxc4 30. Rxc4 g5 1/2-1/2

[Event "ETCC Open 2023"]
[Site "Budva"]
[Date "2023.11.18"]
[Round "7.30"]
[White "Papaioannou, Ioannis"]
[Black "Teclaf, Pawel"]
[Result "1/2-1/2"]
[WhiteElo "2623"]
[BlackElo "2571"]
[Annotator "TA"]
[PlyCount "49"]
[EventDate "2023.11.10"]
[EventType "team-tourn"]
[EventCountry "MNE"]
[SourceTitle "playchess.com"]
[Source "ChessBase"]
[SourceQuality "1"]
[WhiteTeam "Greece"]
[BlackTeam "Poland"]
[WhiteTeamCountry "GRE"]
[BlackTeamCountry "POL"]

1. d4 e6 2. Bf4 d5 3. e3 Bd6 4. Nf3 Nf6 5. Nbd2 c5 6. dxc5 Bxc5 7. c4 O-O 8. Be2 b6 9. O-O Bb7 10. a3 Nbd7 11. Rc1 Rc8 12. h3 Be7 13. Re1 h6 14. Bf1 Nc5 15. b4 Nce4 16. Nxe4 Nxe4 17. cxd5 Nc3 18. Qd2 Qxd5 19. Be5 Bf6 20. Bxf6 gxf6 21. Nd4 Nb5 22. Rcd1 Nc3 23. Rc1 Nb5 24. Rcd1 Nc3 25. Rc1 1/2-1/2

[Event "ETCC Open 2023"]
[Site "Budva"]
[Date "2023.11.18"]
[Round "7.31"]
[White "Bartel, Mateusz"]
[Black "Kourkoulos-Arditis, Stamatis"]
[Result "1/2-1/2"]
[WhiteElo "2651"]
[BlackElo "2543"]
[Annotator "TA"]
[PlyCount "107"]
[EventDate "2023.11.10"]
[EventType "team-tourn"]
[EventCountry "MNE"]
[SourceTitle "playchess.com"]
[Source "ChessBase"]
[SourceQuality "1"]
[WhiteTeam "Poland"]
[BlackTeam "Greece"]
[WhiteTeamCountry "POL"]
[BlackTeamCountry "GRE"]

1. e4 e5 2. Nf3 Nc6 3. Bb5 a6 4. Ba4 Nf6 5. O-O d6 6. Nc3 Bg4 7. h3 Bxf3 8. Qxf3 Be7 9. Ne2 O-O 10. c3 Nd7 11. d4 Bg5 12. Qd3 Bxc1 13. Raxc1 b5 14. Bb3 Na5 15. f4 Nxb3 16. axb3 Qe7 17. Ng3 g6 18. Rf2 exd4 19. Qxd4 Nc5 20. Rf3 Rfe8 21. Nh5 Ne6 22. Qf6 Qf8 23. f5 Nc5 24. Qh4 Nxe4 25. fxg6 hxg6 26. Re1 gxh5 27. Rxe4 Rxe4 28. Rg3+ Rg4 29. hxg4 Re8 30. gxh5+ Kh7 31. Qf6 Re1+ 32. Kf2 Re6 33. Qf5+ Kh8 34. Rf3 Qe7 35. Qxf7 Re2+ 36. Kg1 Qxf7 37. Rxf7 Rxb2 38. Rxc7 Rxb3 39. Kf2 a5 40. g4 b4 41. cxb4 axb4 42. Rb7 d5 43. Kg2 d4 44. Kf2 Kg8 45. Rb6 Kh7 46. Kg2 d3 47. Kf2 Rb1 48. Ke3 b3 49. Kxd3 Rg1 50. Rxb3 Rxg4 51. Rb5 Kh6 52. Ke3 Rh4 53. Kf3 Rxh5 54. Rxh5+ 1/2-1/2

[Event "ETCC Open 2023"]
[Site "Budva"]
[Date "2023.11.18"]
[Round "7.32"]
[White "Ioannidis, Evgenios"]
[Black "Gumularz, Szymon"]
[Result "1-0"]
[WhiteElo "2502"]
[BlackElo "2580"]
[Annotator "RC"]
[PlyCount "117"]
[EventDate "2023.11.10"]
[EventType "team-tourn"]
[EventCountry "MNE"]
[SourceTitle "playchess.com"]
[Source "ChessBase"]
[SourceQuality "1"]
[WhiteTeam "Greece"]
[BlackTeam "Poland"]
[WhiteTeamCountry "GRE"]
[BlackTeamCountry "POL"]

1. d4 Nf6 2. c4 e6 3. Nc3 Bb4 4. e3 O-O 5. Bd2 d5 6. Nf3 Nbd7 7. Rc1 c6 8. Qc2 Bd6 9. h3 Re8 10. Be2 a6 11. O-O dxc4 12. Bxc4 c5 13. dxc5 Bxc5 14. Bd3 b5 15. Ne4 Bb7 16. Bc3 Rc8 17. Rfd1 Bxe4 18. Bxe4 Qc7 19. Bxf6 Nxf6 20. b4 Bb6 21. Qxc7 Rxc7 22. Rxc7 Bxc7 23. Bb7 a5 24. Rc1 Re7 25. bxa5 Bxa5 26. Rc8+ Re8 27. Rc5 Rd8 28. g4 g6 29. Rxb5 Bc3 30. a4 Rd1+ 31. Kg2 Ra1 32. Rc5 Bb4 33. Rc4 Rb1 34. g5 Nd7 35. Rc8+ Nf8 36. Ra8 Rb2 37. Bc6 Bc5 38. Ne5 Kg7 39. Kf3 Rc2 40. a5 Bd6 41. Be4 Rc5 42. Nc6 Nd7 43. a6 Ne5+ 44. Nxe5 Bxe5 45. Ra7 Ra5 46. Bd3 Bd6 47. Rd7 Bc5 48. Rb7 Kf8 49. Ke4 Ra2 50. Bc4 Rxf2 51. a7 Bxa7 52. Rxa7 Rf5 53. h4 h6 54. gxh6 Rh5 55. Bxe6 fxe6 56. h7 Rxh4+ 57. Ke5 Rh3 58. e4 Rh1 59. Kf6 1-0

[Event "ETCC Open 2023"]
[Site "Budva"]
[Date "2023.11.18"]
[Round "7.33"]
[White "Rodshtein, Maxim"]
[Black "Laurusas, Tomas"]
[Result "1/2-1/2"]
[WhiteElo "2582"]
[BlackElo "2566"]
[Annotator "RC"]
[PlyCount "127"]
[EventDate "2023.11.10"]
[EventType "team-tourn"]
[EventCountry "MNE"]
[SourceTitle "playchess.com"]
[Source "ChessBase"]
[SourceQuality "1"]
[WhiteTeam "Israel"]
[BlackTeam "Lithuania"]
[WhiteTeamCountry "ISR"]
[BlackTeamCountry "LTU"]

1. Nf3 d5 2. g3 c6 3. Bg2 Bg4 4. O-O Nd7 5. h3 Bxf3 6. Bxf3 Ngf6 7. d3 e6 8. e4 dxe4 9. dxe4 Bc5 10. Qe2 Qc7 11. Kh1 O-O 12. Nd2 a5 13. a4 e5 14. Bg2 g6 15. Nb3 Bb6 16. Bh6 Rfe8 17. Qf3 Nh5 18. Qc3 Nf8 19. Bf3 Nf6 20. Qc4 Ne6 21. c3 Rad8 22. h4 Kh8 23. Kg2 Ng8 24. Bd2 h5 25. Rad1 Kg7 26. Bc1 Nf6 27. Be2 Qe7 28. Rxd8 Rxd8 29. Rd1 Rxd1 30. Bxd1 Qd7 31. Be2 Qe7 32. Qd3 Qc7 33. Nd2 Ba7 34. Bd1 Nc5 35. Qe2 b5 36. axb5 cxb5 37. Bc2 Qb6 38. Nf3 Ng4 39. Ng5 Ne6 40. Nh3 b4 41. cxb4 Qxb4 42. Bd1 Nd4 43. Qd2 Qb5 44. Bxg4 hxg4 45. Qh6+ Kf6 46. Ng5 Nf3 47. Nxf3 gxf3+ 48. Kxf3 Qd3+ 49. Be3 Ke6 50. Qg5 Bc5 51. Qg4+ Ke7 52. Kg2 Bxe3 53. Qf3 Qc2 54. Qxe3 a4 55. Qa7+ Kf6 56. Qb7 Kg7 57. Qb4 Kh7 58. Qb7 Kg7 59. Qa8 Kf6 60. g4 Kg7 61. h5 gxh5 62. gxh5 Qxb2 63. Qxa4 Qe2 64. Qc6 1/2-1/2

[Event "ETCC Open 2023"]
[Site "Budva"]
[Date "2023.11.18"]
[Round "7.34"]
[White "Kazakouski, Valery"]
[Black "Kobo, Ori"]
[Result "1-0"]
[WhiteElo "2577"]
[BlackElo "2556"]
[Annotator "RC"]
[PlyCount "97"]
[EventDate "2023.11.10"]
[EventType "team-tourn"]
[EventCountry "MNE"]
[SourceTitle "playchess.com"]
[Source "ChessBase"]
[SourceQuality "1"]
[WhiteTeam "Lithuania"]
[BlackTeam "Israel"]
[WhiteTeamCountry "LTU"]
[BlackTeamCountry "ISR"]

1. d4 Nf6 2. c4 g6 3. Nc3 Bg7 4. e4 d6 5. Nf3 O-O 6. Bd3 Bg4 7. Be2 Bxf3 8. Bxf3 Nfd7 9. Be3 Nc6 10. d5 Na5 11. Be2 Ne5 12. Qa4 c6 13. O-O Rc8 14. Rac1 Naxc4 15. Bxc4 b5 16. Bxb5 cxb5 17. Nxb5 Qd7 18. Qa6 Rxc1 19. Rxc1 Qg4 20. Nxa7 f5 21. Nc6 Nf3+ 22. Kh1 Nh4 23. Qf1 fxe4 24. h3 Qd7 25. Qc4 Bxb2 26. Rb1 Bf6 27. Qxe4 Ra8 28. a4 Nf5 29. Bb6 Nh6 30. a5 Nf7 31. f4 Kf8 32. Qe6 Qb7 33. Re1 Re8 34. Qe4 Qa6 35. Qe2 Qb7 36. Qc4 Ra8 37. Kh2 Qc8 38. Bd4 Bh4 39. Ra1 Qf5 40. Be3 Nh6 41. Nd4 Qh5 42. Ne6+ Kf7 43. Ng5+ Kg8 44. Qe4 Bxg5 45. fxg5 Nf5 46. g4 Qh4 47. Qe6+ Kf8 48. gxf5 Rb8 49. Rg1 1-0

[Event "ETCC Open 2023"]
[Site "Budva"]
[Date "2023.11.18"]
[Round "7.35"]
[White "Nabaty, Tamir"]
[Black "Pultinevicius, Paulius"]
[Result "1-0"]
[WhiteElo "2632"]
[BlackElo "2589"]
[Annotator "TA"]
[PlyCount "91"]
[EventDate "2023.11.10"]
[EventType "team-tourn"]
[EventCountry "MNE"]
[SourceTitle "playchess.com"]
[Source "ChessBase"]
[SourceQuality "1"]
[WhiteTeam "Israel"]
[BlackTeam "Lithuania"]
[WhiteTeamCountry "ISR"]
[BlackTeamCountry "LTU"]

1. d4 Nf6 2. c4 e6 3. Nf3 d5 4. Nc3 c6 5. e3 Nbd7 6. Qc2 Bd6 7. Bd3 O-O 8. O-O dxc4 9. Bxc4 Qe7 10. h3 e5 11. Bb3 a5 12. a3 Bb8 13. Bd2 h6 14. Nh4 Rd8 15. Nf5 Qf8 16. f4 exd4 17. exd4 Nb6 18. Rae1 Nbd5 19. Bxd5 Bxf5 20. Bxf7+ Qxf7 21. Qxf5 Ba7 22. Ne2 Qc4 23. Kh2 Re8 24. Ng3 Bxd4 25. Qg6 Qf7 26. Qxf7+ Kxf7 27. Nf5 Rxe1 28. Rxe1 Bc5 29. g4 Nd5 30. Kg3 a4 31. Kf3 Rd8 32. Rc1 Bf8 33. Rc4 Ra8 34. Ne3 Nxe3 35. Bxe3 c5 36. Rc3 Ra5 37. Ke4 Ke6 38. f5+ Kd7 39. Rd3+ Kc6 40. Rd8 Be7 41. Rg8 Bf6 42. Bxh6 Bxb2 43. Bxg7 Bxg7 44. Rxg7 b5 45. f6 Kd6 46. g5 1-0